Online
Catalog
Normal view MARC view

Entry Nombre geográfico

Number of records used in: 10

001 - NÚMERO DE CONTROL

  • campo de control: 9647

003 - IDENTIFICADOR DEL NÚMERO DE CONTROL

  • campo de control: OSt

005 - FECHA Y HORA DE LA ÚLTIMA TRANSACCIÓN

  • campo de control: 20200615032245.0

008 - DATOS DE LONGITUD FIJA

  • campo de control de longitud fija: 200615|| aca||aabn | a|a d

040 ## - FUENTE DE LA CATALOGACIÓN

  • Centro catalogador/agencia de origen: OSt
  • Centro/agencia transcriptor: OSt

151 ## - ENCABEZAMIENTO--NOMBRE GEOGRÁFICO

  • Nombre geográfico: REPÚBLICA DOMINICANA
  • Subdivisión general: HISTORIA
  • Subdivisión general: ESTUDIO Y ENSEÑANZA

670 ## - FUENTE DE DATOS ENCONTRADOS

  • Cita de la fuente: Work cat.: (OSt)2883: Díaz, Nelson Enríque, 1950- 9646, Fundamentos de la historia social dominicana /, 2005.

Powered by Koha